Geopolitická poloha Srbska ako potenciálny dezintegračný činiteľ

Pojem "balkanizácia". Geopolitická poloha Srbska ako dezintegračný činiteľ. Tranzitná euroázijská poloha Balkánskeho polostrova. Rozporuplný geopolitický vývoj balkánskych národov. Civilizačno-kultúrna paradigma ako dezintegračný faktor. Geostrategická paradigma ako dezintegračný faktor. Geopolitick...

Description complète

Enregistré dans:
Détails bibliographiques
Auteur principal: Bucher, Slavomír
Autres auteurs: Ištok, Robert
Format: Chapitre de livre
Langue:slovaque
Sujets:
Tags: Ajouter un tag
Pas de tags, Soyez le premier à ajouter un tag!

MARC

LEADER 00000naa a2200000 4500
001 0241185
005 20231208101720.4
041 0 |a slo 
044 |a SK 
245 1 0 |a Geopolitická poloha Srbska ako potenciálny dezintegračný činiteľ  |c Slavomír Bucher, Robert Ištok 
520 |a Pojem "balkanizácia". Geopolitická poloha Srbska ako dezintegračný činiteľ. Tranzitná euroázijská poloha Balkánskeho polostrova. Rozporuplný geopolitický vývoj balkánskych národov. Civilizačno-kultúrna paradigma ako dezintegračný faktor. Geostrategická paradigma ako dezintegračný faktor. Geopolitická poloha ako potenciálny dezintegračný činiteľ v procese "balkanizácie". 
610 2 0 |a geopolitika 
610 2 0 |a politika zahraničná 
610 2 0 |a história 
610 2 0 |a kultúra 
610 2 0 |a národ 
610 2 0 |a náboženstvo 
610 2 0 |a Balkán 
610 2 0 |a Srbsko 
100 1 |a Bucher, Slavomír 
700 1 |a Ištok, Robert